000 01212nam2a22002531 4500
001 rc\6442
005 20250620112249.0
010 _a5-89975-025-3
_9200000
035 _a(NLR Aleph) 005296233
090 _a6241841
_c6241841
100 _a20021204d1991 |||y0rusy50 ca
101 0 _arus
102 _aRU
105 _aa |||||||||
200 1 _aПроходная пешка
_aКлетка
_aНа языке пламени
_eРоманы
_fВиктор Каннинг
_g[Перевод с англ. В.Ю. Саввова
_gИл.: А.П. Деревянко]
210 _d1991
_aБ. м.
215 _a586, [3] с.
_cил.
461 0 _1001rc\6441
_12001#$aЗолотой фонд детектива$eВ 20 т.$f[Сост. В.В. Гавшин]$v[Т. 3]
_96241835
_cДнепропетровск
_d1991-
_f[Сост. В.В. Гавшин]
_nТИО "Днепркнига"
_oВ 20 т.
_tЗолотой фонд детектива
_y5899750219
_v[Т. 3]
604 _1700#1$aКаннинг$bВ.$gВиктор
_150010$aПроходная пешка$2psbo
_aКаннинг, Виктор
_tПроходная пешка
801 0 _aRU
_bNLR
_gpsbo
801 1 _aRU
_bELAR
_2rusmarc
852 _aNLR
_j91-3/11631
942 _cBOOK
980 _aNB